00331nam a2200121Ia 4500008004100000024001700041082001800058100001800076245003100094260002500125600002100150650003800171250506s9999 xx 000 0 und d a99B-BCS5Y-21 a004.67072 GHA aGhazala Taqee 0aPatient Appointment System aKarachi:bUIT,c1999 aComputer Science aBachelor of Computer Science (BS)